[Event "AUTO-OPEN-4627"]
[Site "http://www.queenalice.com/game.php?id=1866261"]
[Date "2025.11.28"]
[Round "1"]
[White "askasl159"]
[Black "fbenevides2019"]
[Result "0-1"]
[WhiteElo "1614"]
[BlackElo "1879"]

1. e4 e5 2. f4 exf4 3. Nf3 g5 4. h3 h6 5. Bc4 Qe7 6. Nc3 Bg7 7. d4 Nf6 8. e5 Nh7
9. Qd3 a6 10. Bd2 Nc6 11. Nd5 Qd8 12. Qf5 d6 13. Qe4 dxe5 14. Nxe5 Nxe5 15. Bb4
c6 16. Nc3 Qb6 17. a3 Be6 18. Bxe6 fxe6 19. O-O-O O-O-O 20. dxe5 Rxd1+ 21. Rxd1
Qe3+ 22. Qxe3 fxe3 23. Bd6 Rf8 24. Bxf8 Nxf8 25. Re1 Bxe5 26. Ne4 Bd4 27. c3 Bb6
28. Kc2 Kd7 29. Rd1+ Ke7 30. Kd3 e5 31. Ke2 Ba7 32. Ng3 Ke6 33. Ne4 Kf5 34. Nd6+
Kg6 35. Nxb7 Kh7 36. Nd8 c5 37. Kxe3 a5 38. Ke4 Bb8 39. Nc6 Bc7 40. Kd5 Nd7 41.
Ke6 Nf8+ 42. Ke7 Kg7 43. Nd8 Ng6+ 0-1

[Event "AUTO-OPEN-4627"]
[Site "http://www.queenalice.com/game.php?id=1866262"]
[Date "2025.11.28"]
[Round "1"]
[White "fbenevides2019"]
[Black "askasl159"]
[Result "1-0"]
[WhiteElo "1884"]
[BlackElo "1609"]

1. e4 e5 2. Nf3 Nc6 3. a3 Nf6 4. Nc3 Bc5 5. h3 O-O 6. Bb5 Nd4 7. Nxd4 Bxd4 8.
Qf3 c6 9. Bc4 d6 10. O-O Be6 11. Bxe6 fxe6 12. Ne2 Bc5 13. Qb3 Qd7 14. d3 d5 15.
exd5 exd5 16. c4 Rf7 17. Qc3 d4 18. Qa5 b6 19. Qd2 b5 20. cxb5 cxb5 21. b4 Bb6
22. Qg5 Qd6 23. Qg3 Raf8 24. Bh6 Nh5 25. Qg5 Qxh6 26. Qxe5 Rf5 27. Qh2 Nf4 28.
Nxf4 Rxf4 29. f3 Qg6 30. Rfd1 Rxf3 31. Rf1 Rxf1+ 32. Rxf1 Rxf1+ 33. Kxf1 Qxd3+
34. Kf2 Qc2+ 35. Kf3 Bc7 36. Qg1 d3 37. Qe1 Kf7 38. Qf2 Bb6 39. Qh4 Qe2+ 40. Kf4
Bf2 41. Qxh7 1-0

[Event "AUTO-OPEN-4627"]
[Site "http://www.queenalice.com/game.php?id=1866285"]
[Date "2025.11.28"]
[Round "1"]
[White "mvson33"]
[Black "fbenevides2019"]
[Result "1-0"]
[WhiteElo "1928"]
[BlackElo "1909"]

1. Nf3 d5 2. d4 h6 3. e3 a6 4. c4 Nc6 5. Be2 e6 6. O-O dxc4 7. Bxc4 Nf6 8. a3
Be7 9. Ba2 O-O 10. Nc3 b5 11. Bd2 Bb7 12. Rc1 Bd6 13. Bb1 Ne7 14. Qc2 Bxf3 15.
gxf3 Ng6 16. e4 Nd7 17. e5 Be7 18. Ne4 Ra7 19. Rfd1 Qa8 20. Be3 Rb7 21. f4 Nh4
22. Nf6+ Nxf6 23. exf6 g6 24. fxe7 Re8 25. Qc5 Rb6 26. d5 exd5 27. Bd4 Re6 28.
Qc3 R6xe7 29. Qh3 g5 30. fxg5 hxg5 31. Bf6 Re6 32. Bxg5 Ng6 33. f4 Qa7+ 34. Kf1
Re2 35. Qg3 R8e3 36. Qg1 Qb7 37. f5 d4 38. Bxe3 Rxe3 39. Rd3 Qf3+ 40. Qf2 Ne5
41. Qxf3 Rxf3+ 42. Rxf3 Nxf3 43. Kg2 Nd2 44. Re1 Kf8 45. Be4 a5 46. Bc6 b4 47.
f6 Kg8 48. axb4 axb4 49. Rd1 Nc4 50. Rxd4 Nxb2 51. Rxb4 Nd3 52. Re4 Nc5 53. Rg4+
Kf8 54. Rg5 Ne6 55. Ra5 Kg8 56. Ra7 Kh7 57. Bd7 Kg6 58. Bxe6 fxe6 59. Rxc7 Kxf6
60. Kf3 Kf5 61. Rg7 e5 62. h4 1-0

[Event "AUTO-OPEN-4627"]
[Site "http://www.queenalice.com/game.php?id=1866286"]
[Date "2025.11.28"]
[Round "1"]
[White "fbenevides2019"]
[Black "mvson33"]
[Result "0-1"]
[WhiteElo "1912"]
[BlackElo "1943"]

1. d4 Nf6 2. Nf3 d5 3. h3 e6 4. a3 Be7 5. Nc3 O-O 6. e3 c5 7. dxc5 Bxc5 8. b4
Bb6 9. Bd3 Nbd7 10. O-O a6 11. Bb2 Ba7 12. Ne2 Qc7 13. Bd4 b5 14. Bxa7 Rxa7 15.
Ng5 Bb7 16. Nf4 Raa8 17. Qd2 Rac8 18. Rfc1 h6 19. Nf3 Ne5 20. Nxe5 Qxe5 21. c3
Rc7 22. Rc2 Rfc8 23. Rac1 Ne4 24. Bxe4 Qxe4 25. f3 Qf5 26. Kf2 Qf6 27. Kg1 Qe7
28. Qd4 e5 29. Nxd5 exd4 30. Nxe7+ Rxe7 31. exd4 Rce8 32. Kf2 Bd5 33. Rd2 Bc4
34. Kg3 Re2 35. Rdd1 Rd8 36. Ra1 Rc2 37. Rdc1 Rxc1 38. Rxc1 Re8 39. Kf2 Re2+ 40.
Kg3 Ra2 41. Re1 Rxa3 42. Re3 a5 43. bxa5 Rxa5 44. Kf4 Kf8 45. g4 Ra3 46. h4 b4
47. cxb4 Ra4 48. h5 Rxb4 49. Ke4 Rb3 50. Rxb3 Bxb3 51. Kf5 Ke7 52. g5 hxg5 53.
Kxg5 Bd5 54. f4 Be4 55. h6 gxh6+ 56. Kxh6 f5 57. Kg6 Kd6 58. Kf6 Kd5 59. Kg5
Kxd4 60. Kh4 Ke3 61. Kg3 Bd3 62. Kg2 Kxf4 63. Kf2 Bc4 64. Kg1 Ke3 65. Kg2 f4 66.
Kg1 Ke2 67. Kg2 f3+ 0-1

[Event "AUTO-ADV-4913"]
[Site "http://www.queenalice.com/game.php?id=1868187"]
[Date "2026.1.19"]
[Round "1"]
[White "silverado"]
[Black "fbenevides2019"]
[Result "0-1"]
[WhiteElo "1971"]
[BlackElo "1897"]

1. d4 d5 2. b4 Qd6 3. c3 Nf6 4. h3 Ne4 5. Nf3 f6 6. g3 Qc6 7. Bb2 Nd6 8. Nbd2
Nf7 9. e3 a6 10. Bg2 g5 11. Nh2 Nd7 12. c4 e6 13. a3 Qd6 14. c5 Qe7 15. O-O c6
16. Ng4 Nh6 17. Nxh6 Bxh6 18. Qh5+ Qf7 19. Qxh6 Rg8 20. g4 Rg6 21. Qh5 Kd8 22.
f4 Qg7 23. fxg5 fxg5 24. Nf3 Nf6 0-1

[Event "AUTO-ADV-4921"]
[Site "http://www.queenalice.com/game.php?id=1869796"]
[Date "2026.2.26"]
[Round "1"]
[White "fbenevides2019"]
[Black "kuntakinte"]
[Result "0-1"]
[WhiteElo "1839"]
[BlackElo "1775"]

1. d4 d5 2. Nc3 c6 3. h3 e6 4. a3 c5 5. dxc5 Bxc5 6. e3 a6 7. Nf3 f6 8. e4 d4 9.
Ne2 e5 10. b4 Bb6 11. Bb2 Nc6 12. Ng3 a5 13. b5 Nce7 14. a4 Qd6 15. Ba3 Bc5 16.
Bxc5 Qxc5 17. Be2 Qc3+ 18. Nd2 Ng6 19. O-O N8e7 20. Nc4 Nf4 21. Nd6+ Kf8 22. Qb1
Qc7 23. Ngf5 Bxf5 24. Nxf5 Nxe2+ 25. Kh1 b6 26. Qd1 Nc3 27. Qg4 Rg8 28. Qh4 Rh8
29. f3 Ng6 30. Qf2 Rd8 31. Ng3 Nf4 32. Kh2 d3 33. cxd3 Nxd3 34. Qc2 Nb4 35. Qb3
Rd3 36. Rfc1 h5 37. Ra3 Qd7 38. Rxc3 Rd4 39. Nf5 Rd2 40. Ne3 g5 41. Nd5 Nxd5 42.
exd5 Rxd5 43. Rc6 g4 44. Rxf6+ Ke7 45. Rxb6 g3+ 46. Kxg3 Rg8+ 47. Kf2 Rd2+ 48.
Ke1 Rgxg2 49. Qe6+ Qxe6 50. Rxe6+ Kxe6 51. Re3 Ra2 52. Kf1 Rgb2 53. Re1 Rxa4 54.
b6 Rxb6 55. Kf2 Rab4 56. Kg3 a4 57. f4 Rxf4 0-1

[Event "AUTO-ADV-4921"]
[Site "http://www.queenalice.com/game.php?id=1869797"]
[Date "2026.2.26"]
[Round "1"]
[White "kuntakinte"]
[Black "fbenevides2019"]
[Result "1-0"]
[WhiteElo "1762"]
[BlackElo "1893"]

1. e4 e5 2. Nf3 d6 3. Bc4 h6 4. O-O Nf6 5. d3 Bd7 6. Nc3 a6 7. Be3 c6 8. b4 b5
9. Bb3 Ng4 10. Qd2 Qf6 11. d4 Nxe3 12. fxe3 Qg6 13. Nh4 Qh5 14. Bxf7+ Qxf7 15.
Rxf7 Kxf7 16. d5 Ke8 17. Ng6 Rg8 18. Qf2 Be7 19. dxc6 Nxc6 20. Nd5 Kd8 21. Qf7
Re8 22. Qxg7 Be6 23. Ndxe7 Nxe7 24. Qxh6 Rc8 25. Qg5 Rxc2 26. Rd1 Kd7 27. Nxe5+
Kc7 28. Nf3 Rxa2 29. e5 d5 30. Nd4 Nc6 31. Rc1 Rxg2+ 32. Qxg2 Rg8 33. Qxg8 Bxg8
34. Rxc6+ Kb7 35. e6 Ka7 36. e7 Bf7 37. Rf6 Bh5 38. Nf5 Kb7 39. Ng7 1-0

[Event "AUTO-ADV-4921"]
[Site "http://www.queenalice.com/game.php?id=1869798"]
[Date "2026.2.26"]
[Round "1"]
[White "fbenevides2019"]
[Black "SGF"]
[Result "0-1"]
[WhiteElo "1872"]
[BlackElo "1723"]

1. d4 d5 2. Nf3 f6 3. h3 g5 4. e3 a6 5. Nc3 b5 6. a3 e6 7. e4 Bb7 8. exd5 Bxd5
9. Qd3 Nc6 10. Nxd5 Qxd5 11. Be2 h5 12. Qg6+ Ke7 13. O-O Nxd4 14. Nxd4 Qxd4 15.
Bxh5 Rxh5 16. Qxh5 Nh6 17. c3 Qh4 18. Qf3 Rd8 19. Qc6 Rd7 20. Qxa6 Qh5 21. Be3
Nf5 22. Bc5+ Nd6 23. Rfd1 g4 24. Qxb5 Ke8 25. b4 Nxb5 26. Bxf8 Rxd1+ 27. Rxd1
gxh3 28. Rf1 h2+ 29. Kh1 Kxf8 30. Re1 e5 31. Re3 Nxa3 32. Rh3 Qe2 33. Rf3 Kf7
34. Kxh2 e4 35. Re3 Qh5+ 36. Rh3 Qe5+ 37. Kg1 Nc2 38. Kf1 e3 39. Ke2 Qxc3 40.
fxe3 Qxb4 41. Rh7+ Kg6 42. Rxc7 Nxe3 43. Kxe3 Qb6+ 0-1

[Event "AUTO-ADV-4921"]
[Site "http://www.queenalice.com/game.php?id=1869799"]
[Date "2026.2.26"]
[Round "1"]
[White "SGF"]
[Black "fbenevides2019"]
[Result "1-0"]
[WhiteElo "1733"]
[BlackElo "1916"]

1. e4 d5 2. Qf3 a6 3. d3 dxe4 4. dxe4 Nf6 5. Be2 e5 6. Bg5 Bg4 7. Qxg4 h6 8.
Bxf6 gxf6 9. Qh5 b5 10. c4 Qd4 11. Qf5 Qd6 12. cxb5 axb5 13. Qc8+ Qd8 14. Qb7
Ra5 15. Bxb5+ Nd7 16. Bxd7+ Qxd7 17. Nc3 Bd6 18. Qb8+ Qd8 19. Qxd8+ Kxd8 20. Nf3
Kd7 21. Rd1 Ra6 22. a4 Rc6 23. Nb5 Ra8 24. b3 Ke6 25. Nxd6 cxd6 26. g4 Rc3 27.
Nd2 Rac8 28. O-O R8c5 29. b4 Rc7 30. a5 Rc2 31. b5 Ra7 32. a6 Rb2 33. Rb1 Rxd2
34. Ra1 Rb2 35. Rfb1 Rxb1+ 36. Rxb1 Kd7 37. b6 Rxa6 38. b7 Rc6 39. b8=Q Rc8 40.
Qb7+ Kd8 41. Qxf7 1-0